000
00398nam a22001697a 4500
003
MPLRDC
005
20220104143451.0
008
210129b ||||| |||| 00| 0 eng d
082
_a
880 GEJ-3 c.2
100
_a
高尔基
245
_a
老板
_c
千羽译
250
_a
初版
260
_a
_b
国际文化服务社
_c
1954
300
_b
平
650
_a
俄国文学
942
_c
BK
_o
880 GEJ-3 c.2
999
_c
40185
_d
40175